Паровые машины. История, описание и приложение их. Взятые из сочинений Пертингтона, Стеффенсона и Араго

Bibliografiske detaljer
Hovedforfatter: Чижов Ф. В. Федор Васильевич
Summary:На тит. листе: "Si le sort ne nous a pas donné le talent pour etre célèbres, il est presgue toujours possible de faire un travail gui nous rend utiles."
На титульном листе автор указан инициалами Ф. Ч.
Текст в русской дореформенной орфографии
Печатать позволяется, с тем, чтобы по отпечатании представлены были в Цензурный Комитет узаконенное число экземпляров. Санктпетербург, 31 декабря 1837 г. Цензор С. Куторга
Sprog:russisk
Udgivet: Санкт-Петербург, Типография Эдуарда Праца и К, 1838
Fag:
Format: MixedMaterials Bog
KOHA link:https://koha.lib.tpu.ru/cgi-bin/koha/opac-detail.pl?biblionumber=309658

MARC

LEADER 00000nam0a2200000 4500
001 309658
005 20251114123409.0
035 |a (RuTPU)RU\TPU\book\334997 
090 |a 309658 
100 |a 20151116d1838 k y0rusy50 ca 
101 1 |a rus  |c eng 
102 |a RU 
105 |a a z 001zy 
200 1 |a Паровые машины. История, описание и приложение их. Взятые из сочинений Пертингтона, Стеффенсона и Араго 
210 |a Санкт-Петербург  |c Типография Эдуарда Праца и К  |d 1838 
215 |a 235 с.  |c черт. 
300 |a На тит. листе: "Si le sort ne nous a pas donné le talent pour etre célèbres, il est presgue toujours possible de faire un travail gui nous rend utiles." 
300 |a На титульном листе автор указан инициалами Ф. Ч. 
300 |a Текст в русской дореформенной орфографии 
300 |a Печатать позволяется, с тем, чтобы по отпечатании представлены были в Цензурный Комитет узаконенное число экземпляров. Санктпетербург, 31 декабря 1837 г. Цензор С. Куторга  
316 |5 63413507: 5482  |a На переднем форзаце владельческий экслибрис библиотеки ТТИ 
316 |5 63413507: 5482  |a На титульном листе надпись: «По счету Н. М. Таскиной» 
317 |5 63413507: 5482  |a Поступил в НТБ в 1903/1905 гг. по счету Н. М. Таскиной 
320 |a Прибавление к главам IV и V: Список привиллегий, выданных в Англии на паровые машины с разбором тех из них, которые непосредственно соединены с улучшением их и приложением к полезному употреблению: с. 109-161. 
606 |a Паровые машины  |2 stltpush  |3 (RuTPU)RU\TPU\subj\48239  |9 67116 
610 1 |a история 
610 1 |a паровозы 
610 1 |a паровые экипажи 
610 1 |a процессы 
610 1 |a парораспределение 
610 1 |a механизмы 
610 1 |a детали 
610 1 |a детали машин 
610 1 |a паротехника 
610 1 |a чертежи 
610 1 |a пароходы 
610 1 |a аварии 
610 1 |a Северная Америка 
610 1 |a 19 век 
610 1 |a взрывы 
610 1 |a Коллекция Таскиных 
675 |a 621.1  |v 4 
700 1 |a Чижов  |b Ф. В.  |c российский математик  |c финансист  |f 1811-1877  |g Федор Васильевич  |3 (RuTPU)RU\TPU\pers\11777  |9 2924 
801 1 |a RU  |b 63413507  |c 20151116 
801 2 |a RU  |b 63413507  |c 20151117  |g RCR 
942 |c BK